| 000 | 00510nam a2200169 a 4500 | ||
|---|---|---|---|
| 001 | 000042108 | ||
| 005 | 20201002035938.0 | ||
| 008 | 131114s2013 dr 000 0 spa d | ||
| 020 | _a9780615675268 | ||
| 040 |
_aDO-SdBNP _bspa _cBNPHU |
||
| 082 |
_axxx _bC117b |
||
| 100 | 1 |
_aCabrera, Esteban _d1967- _969108 |
|
| 245 | 1 | 0 |
_aBajo mis ojos / _cEsteban Cabrera. |
| 260 |
_aSanto Domingo _aBúho, _c2013. |
||
| 300 |
_a277 p. ; _c22 cm. |
||
| 500 | _aIncluye datos biográficos del autor en la solapa de la cubierta. | ||
| 999 |
_c41597 _d41597 |
||